Cities With the Most Skyscrapers by Year - Statistics

General Stats
  • This quiz has been taken 142 times
  • The average score is 19 of 28
Answer Stats
City % Correct
New York City
99%
Chicago
97%
Tokyo
94%
Shanghai
93%
Dubai
90%
Hong Kong
87%
Boston
86%
Los Angeles
86%
Guangzhou
85%
Moscow
80%
Philadelphia
79%
San Francisco
79%
Singapore
76%
Shenzhen
74%
Houston
72%
Dallas
69%
Detroit
67%
Kuala Lumpur
65%
Chongqing
61%
Bangkok
59%
São Paulo
54%
Baltimore
51%
Cleveland
46%
Cincinnati
44%
Pittsburgh
41%
Columbus
35%
Montreal
34%
Hartford
10%
No matching quizzes found
Score Distribution
Percent of People with Each Score
Percentile by Number Answered
Your Score History
You have not taken this quiz